Western realism and international relations : (Record no. 15150)

000 -LEADER
fixed length control field 01193cam a2200337 a 4500
001 - CONTROL NUMBER
control field 13833212
005 - DATE AND TIME OF LATEST TRANSACTION
control field 20170105102911.0
008 - FIXED-LENGTH DATA ELEMENTS--GENERAL INFORMATION
fixed length control field 041104s2004 ii b 001 0 eng
010 ## - LIBRARY OF CONGRESS CONTROL NUMBER
LC control number 2004309604
020 ## - INTERNATIONAL STANDARD BOOK NUMBER
International Standard Book Number 8175962186
025 ## - OVERSEAS ACQUISITION NUMBER
Overseas acquisition number I-E-2004-309604; 63-01
037 ## - SOURCE OF ACQUISITION
Source of stock number/acquisition Library of Congress -- New Delhi Overseas Office
Terms of availability Rs595.00
040 ## - CATALOGING SOURCE
Original cataloging agency DLC
Transcribing agency DLC
Modifying agency DLC
042 ## - AUTHENTICATION CODE
Authentication code lcode
043 ## - GEOGRAPHIC AREA CODE
Geographic area code az-----
050 00 - LIBRARY OF CONGRESS CALL NUMBER
Classification number JZ5597
Item number .R39 2004
082 00 - DEWEY DECIMAL CLASSIFICATION NUMBER
Classification number 327.1
Edition number 22
100 1# - MAIN ENTRY--PERSONAL NAME
Personal name Ray, Aswini K.,
Dates associated with a name 1938-
245 10 - TITLE STATEMENT
Title Western realism and international relations :
Remainder of title a non-western view /
Statement of responsibility, etc. Aswini K. Ray.
260 ## - PUBLICATION, DISTRIBUTION, ETC.
Place of publication, distribution, etc. New Delhi :
Name of publisher, distributor, etc. Foundation Books,
Date of publication, distribution, etc. 2004.
300 ## - PHYSICAL DESCRIPTION
Extent xi, 232 p. ;
Dimensions 25 cm.
504 ## - BIBLIOGRAPHY, ETC. NOTE
Bibliography, etc. note Includes bibliographical references (p. 207-210) and index.
650 #0 - SUBJECT ADDED ENTRY--TOPICAL TERM
Topical term or geographic name entry element Security, International.
650 #0 - SUBJECT ADDED ENTRY--TOPICAL TERM
Topical term or geographic name entry element International relations.
650 #0 - SUBJECT ADDED ENTRY--TOPICAL TERM
Topical term or geographic name entry element National security
Geographic subdivision South Asia.
651 #0 - SUBJECT ADDED ENTRY--GEOGRAPHIC NAME
Geographic name South Asia
General subdivision Foreign relations.
856 41 - ELECTRONIC LOCATION AND ACCESS
Materials specified Table of contents
Uniform Resource Identifier <a href="http://www.loc.gov/catdir/toc/fy0606/2004309604.html">http://www.loc.gov/catdir/toc/fy0606/2004309604.html</a>
906 ## - LOCAL DATA ELEMENT F, LDF (RLIN)
a 7
b cbc
c origode
d 3
e ncip
f 20
g y-gencatlg
942 ## - ADDED ENTRY ELEMENTS (KOHA)
Source of classification or shelving scheme
Koha item type Book
Holdings
Withdrawn status Lost status Damaged status Not for loan Collection code Permanent Location Current Location Shelving location Date acquired Total Checkouts Full call number Barcode Date last seen Price effective from Koha item type
          Centre for International Peace & Stability (CIPS) Centre for International Peace & Stability (CIPS) General Stacks 10/02/2013   327.1 RAY 2004 CIPS0002410 11/07/2013 11/07/2013 Book
© 2023 Central Library, National University of Sciences and Technology. All Rights Reserved.